Scientific papers / (Record no. 50818)
[ view plain ]
| 000 -LEADER | |
|---|---|
| fixed length control field | 00772nam a2200229 a 4500 |
| 001 - CONTROL NUMBER | |
| control field | 50818 |
| 003 - CONTROL NUMBER IDENTIFIER | |
| rucl marc code | BD-RjUL |
| 005 - DATE AND TIME OF LATEST TRANSACTION | |
| control field | 20211209075553.0 |
| 008 - FIXED-LENGTH DATA ELEMENTS--GENERAL INFORMATION | |
| fixed length control field | 160828s1920 enkacf 000 0 eng |
| 035 ## - SYSTEM CONTROL NUMBER | |
| System control number | (BD-RjUL)50938 |
| 040 ## - CATALOGING SOURCE | |
| Original cataloging agency | DLC |
| Transcribing agency | OTU |
| Modifying agency | OCoLC |
| -- | DLC |
| -- | BD-RjUL |
| Language of cataloging | eng |
| 041 ## - LANGUAGE CODE | |
| Language code of text/sound track or separate title | eng |
| 082 ## - DEWEY DECIMAL CLASSIFICATION NUMBER | |
| Edition number | 23 |
| Classification number | 530.4 |
| Author mark and year | STC 1920 |
| 100 1# - MAIN ENTRY--PERSONAL NAME | |
| Personal name | Strutt, John William |
| Dates associated with a name | 1842-1919. |
| 9 (RLIN) | 152121 |
| 245 10 - TITLE STATEMENT | |
| Title | Scientific papers / |
| Statement of responsibility, etc. | by John William Strutt, Baron Rayleigh ... |
| 260 ## - PUBLICATION, DISTRIBUTION, ETC. (IMPRINT) | |
| Place of publication, distribution, etc. | Cambridge : |
| Name of publisher, distributor, etc. | University Press, |
| Date of publication, distribution, etc. | 1920. |
| 300 ## - PHYSICAL DESCRIPTION | |
| Pagination | Vol. : |
| Illustrations | ill. ; |
| Size | 28 cm. |
| 500 ## - GENERAL NOTE | |
| General note | Includes Index |
| 505 0# - FORMATTED CONTENTS NOTE | |
| Formatted contents note | Vol. 1. 1869-1881.--v. 2. 1881-1887.--v. 3. 1887-1892.--v. 4. 1892-1901.--v. 5 1902-1910.--v. 6. 1911-1919. |
| 650 #0 - SUBJECT ADDED ENTRY--TOPICAL TERM | |
| Topical term or geographic name as entry element | Physics. |
| 9 (RLIN) | 152122 |
| 942 ## - ADDED ENTRY ELEMENTS (KOHA) | |
| Source of classification or shelving scheme | Dewey Decimal Classification |
| Koha item type | Books |
| Lost status | Source of classification or shelving scheme | Damaged status | Not for loan | Collection code | Permanent Location | Current Location | Shelving location | Date acquired | Source of acquisition | Cost, normal purchase price | Total Checkouts | Full call number | Date last seen | Copy number | Koha item type |
|---|---|---|---|---|---|---|---|---|---|---|---|---|---|---|---|
| Dewey Decimal Classification | Non-fiction | Central Library, University of Rajshahi | Central Library, University of Rajshahi | 23/10/1969 | Zeithlinger | 90.00 | 530.4 STC V-6 1920 | 28/08/2016 | C-2 | Books |